| 000 | 01020nas a2200241 i 4500 | ||
|---|---|---|---|
| 001 | 592 | ||
| 003 | ES-MaACL | ||
| 005 | 20250814062548.0 | ||
| 007 | t| | ||
| 008 | 950801c1830 fr | | 1 ||re d | ||
| 080 | _a06 | ||
| 245 | 0 | 0 | _aBulletin de la Société Géologique de France. |
| 260 |
_aParis : _bSocieté Géologique de France, _c1830- ( _fBourgogne et Martinet ; Devenne) |
||
| 300 |
_av ; _c25 cm. |
||
| 310 | _aAnual | ||
| 362 | 0 | _aT. 1 (1830)-t. 14 (1842/43) ; 2e s., t. 1 (1843/44)-t. 29 (1871/72) ; 3e s., t. 1 (1872/73)-t. 28 (1900) ; 4e s., t. 1 (1901)-t. 30 (1930) ; 5e s., t. 1 (1931)-t. 20 (1950) ; 6e s., t. 1 (1951)-t. 8 (1958) ; 7e s., t. 1 (1959)-t. 26 (1984) ; 8e s., t. 1 (1985)-t. 6 (1990) ; T. 162 (1991)- | |
| 650 | 1 | 4 |
_aGeología y ciencias afines. Meteorología. _913095 |
| 650 | 4 |
_aInstituciones científicas y diversas _913829 |
|
| 710 | 2 |
_aSociété Géologique de France. _96859 |
|
| 852 |
_aES-MaACL _jB-8028-40 |
||
| 866 | 0 | _o1834,1840-43,1854-66,1872-73. | |
| 999 |
_c592 _d592 |
||